| 000 | 00885nam a2200277 i 4500 | ||
|---|---|---|---|
| 001 | 106619 | ||
| 003 | ES-MaACL | ||
| 005 | 20250726220530.0 | ||
| 007 | t| | ||
| 008 | 061211s1986 fr ||||1| fre d | ||
| 020 | _a2-259-01429-1 | ||
| 080 | _a792.54 | ||
| 080 | _a782 | ||
| 080 | _a929(100):78.071.2 | ||
| 100 | 1 |
_aBlanchard, Roger. _929147 |
|
| 245 | 1 | 0 |
_aDieux et divas de l'opéra / _cRoger Blanchard et Roland de Candé. |
| 260 |
_aParis : _bPlon, _c[1986] |
||
| 300 |
_a2 v. : _bil. ; _c23 cm. |
||
| 500 | _aBiblioteca Jacinto Martínez Lacalle. | ||
| 505 | 8 | _a1. Des origines áa la Malibran -- 2. De 1820 áa 1950: grandeur et décadence du bel canto | |
| 650 | 7 |
_aÓpera _2embne _915706 |
|
| 650 | 1 | 4 |
_aCantantes- _xBiografías. _910744 |
| 700 | 1 |
_aCandé, Roland de. _934447 |
|
| 852 |
_aES-MaACL _jE-11440-41 _bR.139015 |
||
| 999 |
_c106619 _d106619 |
||